[Event "EYCC 2024 - O10"]
[Site "?"]
[Date "2024.08.25"]
[Round "4.9"]
[White "Hummatov, Safa"]
[Black "Andre, Tomas"]
[Result "1/2-1/2"]
[BlackElo "2051"]
[WhiteElo "1742"]
[LiveChessVersion "1.4.8"]

1. d4 {[%clk 1:30:46]} Nf6 {[%clk 1:30:39]} 2. c4 {[%clk 1:31:13]} g6
{[%clk 1:30:07]} 3. g3 {[%clk 1:31:30]} Bg7 {[%clk 1:30:23]} 4. Bg2
{[%clk 1:31:50]} O-O {[%clk 1:30:47]} 5. Nc3 {[%clk 1:32:14]} d6 {[%clk 1:30:54]}
6. Nf3 {[%clk 1:32:39]} c6 {[%clk 1:30:58]} 7. O-O {[%clk 1:32:58]} Nbd7
{[%clk 1:31:06]} 8. Qc2 Qc7 {[%clk 1:31:09]} 9. Rd1 {[%clk 1:32:23]} e5
{[%clk 1:29:56]} 10. b3 {[%clk 1:28:43]} exd4 {[%clk 1:29:42]} 11. Nxd4
{[%clk 1:29:01]} Nc5 {[%clk 1:29:21]} 12. Bb2 {[%clk 1:16:51]} Re8
{[%clk 1:26:22]} 13. e4 {[%clk 1:15:55]} Ne6 {[%clk 1:21:58]} 14. Nxe6
{[%clk 1:15:51]} Bxe6 {[%clk 1:21:46]} 15. Re1 {[%clk 1:13:13]} a5
{[%clk 1:20:06]} 16. Rad1 {[%clk 1:06:15]} Rad8 {[%clk 1:17:16]} 17. h3
{[%clk 0:53:01]} Nd7 {[%clk 1:12:00]} 18. Na4 {[%clk 0:38:08]} Bxb2
{[%clk 1:07:59]} 19. Nxb2 {[%clk 0:36:19]} Nc5 {[%clk 0:56:08]} 20. Nd3
{[%clk 0:33:43]} Nxd3 {[%clk 0:51:39]} 21. Rxd3 {[%clk 0:31:27]} Qb6
{[%clk 0:51:15]} 22. Qc3 {[%clk 0:30:44]} Qc5 {[%clk 0:49:09]} 23. Red1
{[%clk 0:29:17]} b6 {[%clk 0:44:54]} 24. e5 {[%clk 0:21:00]} d5 {[%clk 0:43:51]}
25. cxd5 {[%clk 0:21:25]} Qxc3 {[%clk 0:44:01]} 26. Rxc3 {[%clk 0:21:50]} Bxd5
{[%clk 0:44:15]} 27. Bxd5 {[%clk 0:21:28]} Rxd5 {[%clk 0:44:03]} 28. Rxd5
{[%clk 0:21:42]} cxd5 {[%clk 0:44:32]} 29. f4 {[%clk 0:20:30]} d4
{[%clk 0:44:14]} 30. Rd3 {[%clk 0:19:48]} Rc8 {[%clk 0:44:11]} 31. Rxd4
{[%clk 0:19:52]} Rc1+ {[%clk 0:44:39]} 32. Kf2 {[%clk 0:20:07]} Rc2+
{[%clk 0:45:05]} 33. Kf3 {[%clk 0:20:19]} Rxa2 {[%clk 0:45:31]} 34. Rd6
{[%clk 0:20:32]} b5 {[%clk 0:43:55]} 35. Rb6 {[%clk 0:20:39]} b4 {[%clk 0:43:25]}
36. Rb5 {[%clk 0:18:53]} h5 {[%clk 0:39:51]} 37. g4 {[%clk 0:17:45]} Ra3
{[%clk 0:38:17]} 38. Kg2 {[%clk 0:17:23]} h4 {[%clk 0:36:17]} 39. f5
{[%clk 0:16:53]} Rxb3 {[%clk 0:35:01]} 40. Rxa5 {[%clk 0:17:16]} Rg3+
{[%clk 0:35:10]} 41. Kh2 {[%clk 0:17:42]} gxf5 {[%clk 0:26:37]} 42. gxf5
{[%clk 0:17:53]} Ra3 {[%clk 0:25:51]} 43. Rb5 {[%clk 0:17:57]} b3
{[%clk 0:25:56]} 44. Kg2 {[%clk 0:18:12]} Ra2+ {[%clk 0:25:06]} 45. Kf3
{[%clk 0:18:33]} 1/2-1/2

[Event "EYCC 2024 - O10"]
[Site "?"]
[Date "2024.08.25"]
[Round "4.10"]
[White "Skouroupathis, Kyriakos"]
[Black "Ivanovic, Leonid"]
[Result "0-1"]
[BlackElo "2006"]
[WhiteElo "1698"]
[LiveChessVersion "1.4.8"]

1. e4 {[%clk 1:30:58]} c5 {[%clk 1:30:38]} 2. Nf3 {[%clk 1:31:22]} d6
{[%clk 1:30:38]} 3. Bb5+ {[%clk 1:31:47]} Nd7 {[%clk 1:30:02]} 4. a4
{[%clk 1:31:36]} Ngf6 {[%clk 1:29:02]} 5. Nc3 {[%clk 1:29:30]} a6
{[%clk 1:28:04]} 6. Bc4 {[%clk 1:29:49]} e6 {[%clk 1:27:45]} 7. d3
{[%clk 1:27:34]} Be7 {[%clk 1:23:54]} 8. O-O {[%clk 1:26:17]} O-O
{[%clk 1:20:17]} 9. h3 {[%clk 1:21:22]} Nb8 {[%clk 1:14:44]} 10. Bg5
{[%clk 1:17:31]} Nc6 {[%clk 1:08:38]} 11. Re1 {[%clk 1:16:02]} h6
{[%clk 1:08:08]} 12. Bh4 {[%clk 1:16:19]} Rb8 {[%clk 1:05:06]} 13. Qd2
{[%clk 1:13:02]} Qc7 {[%clk 1:02:17]} 14. Rad1 {[%clk 1:09:25]} Bd7 15. d4
{[%clk 1:04:14]} cxd4 {[%clk 0:50:19]} 16. Nxd4 {[%clk 1:04:41]} Ne5
{[%clk 0:48:55]} 17. Bb3 {[%clk 1:03:00]} b5 {[%clk 0:43:53]} 18. axb5
{[%clk 0:58:19]} axb5 {[%clk 0:44:17]} 19. f4 {[%clk 0:55:43]} Nc4
{[%clk 0:39:32]} 20. Bxc4 {[%clk 0:54:50]} Qxc4 {[%clk 0:38:44]} 21. Nf3
{[%clk 0:51:39]} b4 {[%clk 0:34:04]} 22. Nb1 {[%clk 0:48:28]} Rfd8
{[%clk 0:26:44]} 23. Qe2 {[%clk 0:44:38]} Qc5+ {[%clk 0:21:52]} 24. Kh1
{[%clk 0:44:45]} Rbc8 {[%clk 0:21:14]} 25. c3 {[%clk 0:39:32]} Bc6
{[%clk 0:18:06]} 26. Bf2 {[%clk 0:35:38]} Nxe4 {[%clk 0:15:53]} 27. Bxc5
{[%clk 0:31:45]} Ng3+ {[%clk 0:16:16]} 28. Kh2 {[%clk 0:32:13]} Nxe2
{[%clk 0:16:44]} 29. Bb6 {[%clk 0:32:18]} Nxf4 {[%clk 0:13:53]} 30. Bxd8
{[%clk 0:32:31]} Rxd8 {[%clk 0:13:48]} 31. Rd4 {[%clk 0:28:24]} g5
{[%clk 0:12:46]} 32. Red1 {[%clk 0:26:51]} bxc3 {[%clk 0:11:52]} 33. bxc3
{[%clk 0:26:39]} Ra8 {[%clk 0:10:53]} 34. Rf1 {[%clk 0:21:03]} f5
{[%clk 0:09:48]} 35. g3 {[%clk 0:17:02]} Nxh3 {[%clk 0:09:10]} 36. Kxh3
{[%clk 0:13:42]} g4+ {[%clk 0:09:33]} 37. Kg2 {[%clk 0:13:21]} Bxf3+
{[%clk 0:09:34]} 38. Kh2 {[%clk 0:13:13]} e5 {[%clk 0:09:20]} 39. Rd2
{[%clk 0:13:15]} h5 {[%clk 0:07:34]} 40. Rb2 {[%clk 0:12:50]} Rc8
{[%clk 0:07:37]} 41. Rb3 {[%clk 0:12:18]} Ra8 {[%clk 0:05:38]} 42. Rb2
{[%clk 0:12:36]} Bg5 {[%clk 0:05:12]} 43. Nd2 {[%clk 0:12:38]} Bxd2
{[%clk 0:05:19]} 44. Rxd2 {[%clk 0:13:07]} Kf7 {[%clk 0:04:50]} 45. Rxf3
{[%clk 0:12:49]} gxf3 {[%clk 0:05:12]} 46. Rxd6 {[%clk 0:13:13]} Ra2+
{[%clk 0:05:22]} 47. Kg1 {[%clk 0:13:16]} e4 {[%clk 0:05:08]} 48. Rd1
{[%clk 0:13:12]} e3 {[%clk 0:05:18]} 49. Rb1 {[%clk 0:13:28]} Rg2+
{[%clk 0:05:33]} 50. Kh1 {[%clk 0:13:35]} e2 {[%clk 0:05:51]} 0-1

[Event "EYCC 2024 - O10"]
[Site "?"]
[Date "2024.08.25"]
[Round "4.11"]
[White "Megagiannis, Maximos"]
[Black "Wu, Chenshan"]
[Result "0-1"]
[BlackElo "1976"]
[WhiteElo "1677"]
[LiveChessVersion "1.4.8"]

1. e4 {[%clk 1:30:51]} e6 {[%clk 1:30:56]} 2. d4 {[%clk 1:31:13]} d5
{[%clk 1:31:21]} 3. Nc3 {[%clk 1:31:37]} Nf6 {[%clk 1:31:45]} 4. Bg5
{[%clk 1:31:45]} Bb4 {[%clk 1:32:10]} 5. e5 {[%clk 1:32:03]} h6 {[%clk 1:32:33]}
6. Bd2 {[%clk 1:32:17]} Bxc3 {[%clk 1:32:57]} 7. Bxc3 {[%clk 1:32:41]} Ne4
{[%clk 1:33:20]} 8. Bb4 {[%clk 1:32:45]} c5 {[%clk 1:27:06]} 9. Bxc5
{[%clk 1:32:27]} Nxc5 {[%clk 1:27:08]} 10. dxc5 {[%clk 1:32:47]} Qa5+
{[%clk 1:23:49]} 11. Qd2 {[%clk 1:31:29]} Qxc5 {[%clk 1:21:55]} 12. Nf3
{[%clk 1:28:43]} Nc6 {[%clk 1:21:47]} 13. Bd3 {[%clk 1:28:39]} Bd7
{[%clk 1:20:39]} 14. c3 {[%clk 1:28:47]} O-O {[%clk 1:19:43]} 15. Bc2
{[%clk 1:28:38]} Qc4 {[%clk 1:11:19]} 16. Bd3 {[%clk 1:26:06]} Qc5
{[%clk 1:10:09]} 17. O-O {[%clk 1:26:15]} Rfd8 {[%clk 1:02:38]} 18. Bc2
{[%clk 1:22:20]} Ne7 {[%clk 0:52:39]} 19. a4 {[%clk 1:13:59]} b5 {[%clk 0:46:10]}
20. Qd3 {[%clk 1:12:08]} Ng6 {[%clk 0:42:53]} 21. a5 {[%clk 1:04:36]} Rdc8
{[%clk 0:36:52]} 22. h4 {[%clk 1:00:45]} b4 {[%clk 0:35:29]} 23. Ba4
{[%clk 0:45:52]} Bxa4 {[%clk 0:34:21]} 24. Rxa4 {[%clk 0:44:55]} bxc3
{[%clk 0:29:47]} 25. Rc1 {[%clk 0:43:49]} Qc7 {[%clk 0:21:11]} 26. Rxc3
{[%clk 0:41:03]} Nxe5 {[%clk 0:19:16]} 27. Qe2 {[%clk 0:36:47]} Nxf3+
{[%clk 0:19:19]} 28. Qxf3 {[%clk 0:37:06]} Qd7 {[%clk 0:18:46]} 29. Rg4
{[%clk 0:37:11]} Kh8 {[%clk 0:17:13]} 30. Qg3 {[%clk 0:33:39]} f6
{[%clk 0:16:21]} 31. Rf3 {[%clk 0:31:27]} e5 {[%clk 0:14:16]} 32. Rg6
{[%clk 0:30:46]} Kh7 {[%clk 0:12:55]} 33. h5 {[%clk 0:29:30]} Rg8
{[%clk 0:08:48]} 34. Qh4 {[%clk 0:28:46]} Rab8 {[%clk 0:06:28]} 35. b4
{[%clk 0:22:54]} Rgf8 {[%clk 0:04:33]} 36. Rfg3 {[%clk 0:22:57]} Rf7
{[%clk 0:04:21]} 37. Kh2 {[%clk 0:21:18]} Rc8 {[%clk 0:04:17]} 38. Rb3
{[%clk 0:19:06]} Rc4 {[%clk 0:03:59]} 39. Qg3 {[%clk 0:18:18]} Qf5
{[%clk 0:04:06]} 40. Qf3 {[%clk 0:16:25]} Qxf3 {[%clk 0:04:19]} 41. gxf3
{[%clk 0:16:28]} Rb7 {[%clk 0:04:31]} 42. Rg4 {[%clk 0:16:16]} d4
{[%clk 0:04:51]} 43. b5 {[%clk 0:16:31]} Rc5 {[%clk 0:05:10]} 44. b6
{[%clk 0:15:02]} Rxa5 {[%clk 0:05:28]} 45. f4 {[%clk 0:14:53]} Rxb6
{[%clk 0:05:41]} 46. Rbg3 {[%clk 0:15:02]} Rb7 {[%clk 0:06:04]} 47. fxe5
{[%clk 0:15:15]} fxe5 {[%clk 0:06:27]} 48. Re4 {[%clk 0:15:16]} Rd5
{[%clk 0:06:50]} 49. Rd3 {[%clk 0:15:24]} a5 {[%clk 0:07:15]} 50. f4
{[%clk 0:15:43]} exf4 {[%clk 0:06:50]} 51. Rdxd4 {[%clk 0:15:49]} Rxd4
{[%clk 0:07:09]} 52. Rxd4 {[%clk 0:16:03]} Rb5 {[%clk 0:07:28]} 53. Rxf4
{[%clk 0:16:24]} Rxh5+ {[%clk 0:07:48]} 54. Kg3 {[%clk 0:16:42]} Rb5
{[%clk 0:08:03]} 55. Ra4 {[%clk 0:17:07]} g5 {[%clk 0:08:19]} 56. Ra3
{[%clk 0:17:17]} h5 {[%clk 0:08:33]} 57. Ra4 {[%clk 0:17:41]} h4+
{[%clk 0:08:51]} 58. Kh3 {[%clk 0:17:59]} Kg6 {[%clk 0:09:06]} 59. Kg2
{[%clk 0:18:15]} Kf5 {[%clk 0:08:57]} 60. Kh3 {[%clk 0:18:34]} Kg6
{[%clk 0:08:53]} 61. Kg2 {[%clk 0:18:50]} Kh5 {[%clk 0:09:08]} 62. Kh3
{[%clk 0:19:03]} g4+ {[%clk 0:09:31]} 63. Rxg4 {[%clk 0:19:23]} Rb3+
{[%clk 0:09:56]} 0-1

[Event "EYCC 2024 - O10"]
[Site "?"]
[Date "2024.08.25"]
[Round "4.12"]
[White "Lishoy Gengis Paratazham, Dildarav"]
[Black "Lutskiy, Mikhail"]
[Result "1-0"]
[BlackElo "1735"]
[WhiteElo "1962"]
[LiveChessVersion "1.4.8"]

1. e4 {[%clk 1:30:59]} c5 {[%clk 1:30:52]} 2. d3 {[%clk 1:31:23]} d5
{[%clk 1:31:16]} 3. g3 {[%clk 1:28:56]} b6 4. Bg2 {[%clk 1:28:28]} Bb7
{[%clk 1:28:17]} 5. Qe2 {[%clk 1:24:52]} d4 {[%clk 1:27:26]} 6. f4
{[%clk 1:24:08]} Nc6 {[%clk 1:25:37]} 7. Nf3 {[%clk 1:24:28]} e6 {[%clk 1:25:47]}
8. O-O {[%clk 1:23:34]} Bd6 {[%clk 1:25:42]} 9. Re1 {[%clk 1:23:43]} Nge7
{[%clk 1:25:40]} 10. Nbd2 {[%clk 1:23:20]} O-O {[%clk 1:23:39]} 11. h3
{[%clk 1:22:20]} b5 {[%clk 1:21:46]} 12. Nf1 {[%clk 1:15:07]} Bc7
{[%clk 1:17:11]} 13. Kh1 {[%clk 1:10:09]} Rb8 {[%clk 1:14:01]} 14. Bd2
{[%clk 1:02:58]} Ba6 {[%clk 1:13:23]} 15. c3 {[%clk 0:54:16]} c4 {[%clk 1:09:18]}
16. cxd4 {[%clk 0:52:52]} Nxd4 {[%clk 1:08:20]} 17. Nxd4 {[%clk 0:53:21]} Qxd4
{[%clk 1:08:40]} 18. dxc4 {[%clk 0:53:40]} bxc4 {[%clk 1:08:50]} 19. Bc3
{[%clk 0:53:55]} Qc5 {[%clk 1:08:33]} 20. Red1 {[%clk 0:45:11]} Rfd8
{[%clk 1:08:30]} 21. Qg4 {[%clk 0:42:12]} e5 {[%clk 1:07:52]} 22. f5
{[%clk 0:39:31]} f6 {[%clk 1:07:29]} 23. a3 {[%clk 0:34:52]} Bb6 {[%clk 1:05:54]}
24. Nh2 {[%clk 0:34:37]} Rd3 {[%clk 1:04:57]} 25. Bb4 {[%clk 0:26:43]} Qc7
{[%clk 1:04:33]} 26. Qe2 {[%clk 0:19:22]} Nc6 {[%clk 1:03:18]} 27. Nf3
{[%clk 0:16:06]} Rbd8 28. Bc3 {[%clk 0:14:54]} Qd7 {[%clk 0:58:34]} 29. Re1
{[%clk 0:11:32]} Nd4 {[%clk 0:56:11]} 30. Bxd4 {[%clk 0:08:30]} Bxd4
{[%clk 0:54:59]} 31. Rab1 Bb5 32. g4 {[%clk 0:07:13]} Rb3 {[%clk 0:53:58]} 33.
Qc2 {[%clk 0:07:22]} h6 {[%clk 0:52:52]} 34. Nd2 Re3 {[%clk 0:50:23]} 35. Nxc4
{[%clk 0:06:30]} Rxe1+ {[%clk 0:50:09]} 36. Rxe1 {[%clk 0:06:59]} Rc8
{[%clk 0:50:16]} 37. b3 {[%clk 0:07:25]} Qf7 {[%clk 0:50:12]} 38. Bf1
{[%clk 0:06:59]} h5 {[%clk 0:49:59]} 39. Qg2 {[%clk 0:07:17]} Rd8
{[%clk 0:49:22]} 40. Rd1 {[%clk 0:06:59]} Rd7 {[%clk 0:48:11]} 41. Qf3
{[%clk 0:06:56]} h4 42. Nxe5 {[%clk 0:05:33]} fxe5 {[%clk 0:46:19]} 43. Bxb5
{[%clk 0:06:02]} Rc7 {[%clk 0:46:06]} 44. Bc4 {[%clk 0:06:30]} Rxc4
{[%clk 0:46:30]} 45. bxc4 {[%clk 0:07:00]} Qxc4 {[%clk 0:46:41]} 46. Rf1
{[%clk 0:06:31]} Qf7 {[%clk 0:46:56]} 47. g5 {[%clk 0:06:31]} a5 {[%clk 0:46:40]}
48. Rb1 {[%clk 0:05:10]} Qf8 {[%clk 0:46:26]} 49. f6 {[%clk 0:03:49]} g6
{[%clk 0:46:47]} 50. Qb3+ {[%clk 0:03:26]} Kh7 {[%clk 0:46:53]} 51. Qe6
{[%clk 0:03:39]} Kh8 {[%clk 0:45:58]} 52. Rc1 {[%clk 0:03:49]} Bc5
{[%clk 0:44:58]} 53. Rxc5 {[%clk 0:04:10]} a4 {[%clk 0:44:52]} 54. Rc8
{[%clk 0:04:28]} Kh7 {[%clk 0:45:09]} 55. Qd7+ {[%clk 0:04:50]} Kg8
{[%clk 0:45:27]} 56. Qg7# {[%clk 0:05:14]} 1-0

[Event "EYCC 2024 - O10"]
[Site "?"]
[Date "2024.08.25"]
[Round "4.13"]
[White "Steinbrenner, Peter"]
[Black "Scrimieri, Gabriele"]
[Result "1/2-1/2"]
[BlackElo "1720"]
[WhiteElo "1951"]
[LiveChessVersion "1.4.8"]

1. c4 {[%clk 1:30:55]} Nf6 {[%clk 1:29:51]} 2. Nc3 {[%clk 1:30:23]} e6
{[%clk 1:28:31]} 3. d4 {[%clk 1:27:42]} d5 {[%clk 1:28:56]} 4. e3
{[%clk 1:26:34]} Bb4 {[%clk 1:25:59]} 5. Bd3 {[%clk 1:21:55]} O-O
{[%clk 1:22:45]} 6. Qc2 {[%clk 1:19:11]} Bxc3+ {[%clk 1:19:47]} 7. bxc3
{[%clk 1:18:23]} Nbd7 {[%clk 1:19:57]} 8. Nf3 {[%clk 1:18:16]} Re8
{[%clk 1:19:36]} 9. cxd5 {[%clk 1:12:24]} exd5 {[%clk 1:19:46]} 10. O-O
{[%clk 1:11:49]} b6 {[%clk 1:19:30]} 11. Ba3 {[%clk 1:06:35]} Bb7
{[%clk 1:18:19]} 12. Rab1 {[%clk 0:59:27]} Qc8 {[%clk 1:08:44]} 13. Bf5
{[%clk 0:49:34]} Qd8 {[%clk 0:48:00]} 14. Nd2 {[%clk 0:43:19]} Ba6
{[%clk 0:47:48]} 15. Rfe1 {[%clk 0:39:04]} g6 {[%clk 0:43:06]} 16. Bd3
{[%clk 0:36:32]} Bxd3 {[%clk 0:43:21]} 17. Qxd3 {[%clk 0:36:59]} Ne4
{[%clk 0:41:43]} 18. Nxe4 {[%clk 0:32:55]} dxe4 {[%clk 0:41:14]} 19. Qc2
{[%clk 0:31:14]} Nf6 {[%clk 0:40:44]} 20. c4 {[%clk 0:29:27]} c6 {[%clk 0:38:07]}
21. Bb2 {[%clk 0:26:31]} Qd6 {[%clk 0:26:57]} 22. h3 {[%clk 0:22:19]} Rac8
{[%clk 0:24:28]} 23. Qc3 {[%clk 0:19:54]} Nd7 {[%clk 0:22:14]} 24. Red1
{[%clk 0:16:43]} f6 {[%clk 0:21:50]} 1/2-1/2

[Event "EYCC 2024 - O10"]
[Site "?"]
[Date "2024.08.25"]
[Round "4.14"]
[White "Torres, Lucas"]
[Black "Srnak, Martin"]
[Result "1-0"]
[BlackElo "1655"]
[WhiteElo "1861"]
[LiveChessVersion "1.4.8"]

1. e4 {[%clk 1:30:58]} c5 {[%clk 1:30:54]} 2. Nc3 {[%clk 1:31:26]} e6
{[%clk 1:31:16]} 3. g3 {[%clk 1:31:55]} Nc6 {[%clk 1:31:37]} 4. Bg2
{[%clk 1:32:21]} Nf6 {[%clk 1:31:57]} 5. d3 {[%clk 1:32:27]} Be7 {[%clk 1:31:58]}
6. f4 {[%clk 1:32:37]} d5 {[%clk 1:32:17]} 7. e5 {[%clk 1:32:56]} Ng8
{[%clk 1:32:20]} 8. Nf3 {[%clk 1:33:15]} h5 {[%clk 1:32:42]} 9. h3
{[%clk 1:29:34]} Nh6 {[%clk 1:31:57]} 10. O-O {[%clk 1:27:49]} Qb6
{[%clk 1:28:27]} 11. Ne2 {[%clk 1:19:21]} a5 {[%clk 1:12:58]} 12. a3
{[%clk 1:08:10]} Qa7 {[%clk 1:10:56]} 13. c4 {[%clk 0:53:00]} Nd4
{[%clk 1:07:28]} 14. Nc3 {[%clk 0:37:51]} dxc4 {[%clk 1:02:56]} 15. dxc4
{[%clk 0:37:48]} O-O {[%clk 1:02:26]} 16. Kh2 {[%clk 0:32:40]} Rd8
{[%clk 1:01:44]} 17. Nxd4 {[%clk 0:32:23]} cxd4 {[%clk 1:01:14]} 18. Ne4
{[%clk 0:31:30]} g6 {[%clk 1:00:42]} 19. Bd2 {[%clk 0:25:05]} Nf5
{[%clk 0:56:43]} 20. b4 {[%clk 0:17:35]} Ne3 {[%clk 0:54:40]} 21. Bxe3
{[%clk 0:17:58]} dxe3 {[%clk 0:55:06]} 22. Qe2 {[%clk 0:18:12]} axb4
{[%clk 0:45:03]} 23. axb4 {[%clk 0:18:24]} Qb8 {[%clk 0:43:50]} 24. Rxa8
{[%clk 0:17:37]} Qxa8 {[%clk 0:44:07]} 25. Qxe3 {[%clk 0:07:12]} Bxb4
{[%clk 0:42:52]} 26. f5 {[%clk 0:07:08]} exf5 {[%clk 0:40:30]} 27. Nf6+
{[%clk 0:07:26]} Kg7 {[%clk 0:40:46]} 28. Nxh5+ {[%clk 0:07:09]} Kf8 29. Qh6+ Ke7
{[%clk 0:39:36]} 30. Qg5+ {[%clk 0:07:12]} Ke8 {[%clk 0:38:01]} 31. Ng7+
{[%clk 0:05:58]} Kf8 {[%clk 0:38:20]} 32. Qxd8+ {[%clk 0:04:25]} Kxg7 33. Bd5
Qa2+ {[%clk 0:38:31]} 34. Kh1 {[%clk 0:04:30]} Qe2 35. Qf6+ {[%clk 0:04:15]} Kh7
{[%clk 0:37:51]} 36. Rf4 {[%clk 0:02:01]} Qe1+ {[%clk 0:37:40]} 37. Kh2
{[%clk 0:02:21]} Qe2+ {[%clk 0:36:10]} 38. Bg2 1-0

[Event "EYCC 2024 - O10"]
[Site "?"]
[Date "2024.08.25"]
[Round "4.15"]
[White "Aghajanov, Eldar"]
[Black "Gupta, Akul"]
[Result "1-0"]
[BlackElo "1853"]
[WhiteElo "1667"]
[LiveChessVersion "1.4.8"]

1. d4 {[%clk 1:30:57]} Nf6 {[%clk 1:30:52]} 2. c4 {[%clk 1:31:24]} e6
{[%clk 1:31:13]} 3. Nc3 {[%clk 1:31:42]} Bb4 {[%clk 1:31:35]} 4. Bg5
{[%clk 1:31:56]} b6 {[%clk 1:30:39]} 5. e3 {[%clk 1:32:07]} Bb7 {[%clk 1:30:40]}
6. Nf3 {[%clk 1:31:52]} d6 {[%clk 1:29:46]} 7. Bd3 {[%clk 1:31:03]} Nbd7
{[%clk 1:28:57]} 8. O-O {[%clk 1:30:40]} h6 {[%clk 1:29:24]} 9. Bxf6
{[%clk 1:29:24]} Nxf6 {[%clk 1:29:32]} 10. Qa4+ {[%clk 1:26:34]} Qd7
{[%clk 1:25:59]} 11. Qxb4 {[%clk 1:26:55]} c5 {[%clk 1:26:21]} 12. Qa4
{[%clk 1:26:39]} Bc6 {[%clk 1:25:05]} 13. Qd1 {[%clk 1:27:02]} g5
{[%clk 1:24:01]} 14. dxc5 {[%clk 1:25:58]} bxc5 {[%clk 1:23:33]} 15. e4
{[%clk 1:26:07]} Rg8 {[%clk 1:19:44]} 16. Qe2 {[%clk 1:23:32]} Nh5
{[%clk 1:15:01]} 17. Rad1 {[%clk 1:21:18]} Nf4 {[%clk 1:13:49]} 18. Qe3 O-O-O
{[%clk 1:02:48]} 19. Bc2 {[%clk 1:15:50]} Qe7 {[%clk 1:00:27]} 20. Ba4
{[%clk 1:10:54]} Bb7 {[%clk 0:59:16]} 21. Nb5 {[%clk 1:06:52]} Kb8
{[%clk 0:57:55]} 22. Rd2 {[%clk 1:03:52]} f5 {[%clk 0:56:18]} 23. Bc2
{[%clk 1:01:31]} a6 {[%clk 0:37:04]} 24. Nc3 {[%clk 1:01:22]} Qf7
{[%clk 0:35:50]} 25. Rfd1 {[%clk 0:57:52]} Kc7 {[%clk 0:34:11]} 26. e5
{[%clk 0:56:30]} Nxg2 {[%clk 0:33:04]} 27. Kxg2 {[%clk 0:48:07]} g4
{[%clk 0:33:13]} 28. Nd5+ {[%clk 0:48:00]} exd5 {[%clk 0:32:07]} 29. cxd5
{[%clk 0:47:41]} gxf3+ {[%clk 0:31:46]} 30. Kh1 {[%clk 0:48:03]} Qh5
{[%clk 0:30:11]} 31. exd6+ {[%clk 0:47:30]} Kb8 {[%clk 0:30:10]} 32. Rd3
{[%clk 0:43:12]} Bxd5 {[%clk 0:19:37]} 33. Qxc5 {[%clk 0:43:02]} Bb7
{[%clk 0:19:48]} 34. Rb3 {[%clk 0:39:50]} Rg7 {[%clk 0:17:31]} 35. Qxf5
{[%clk 0:34:49]} Rg5 {[%clk 0:16:23]} 36. Qh7 {[%clk 0:34:02]} Rb5
{[%clk 0:15:33]} 37. Qc7+ {[%clk 0:33:57]} Ka7 {[%clk 0:15:43]} 38. Rxb5
{[%clk 0:33:34]} 1-0

[Event "EYCC 2024 - O10"]
[Site "?"]
[Date "2024.08.25"]
[Round "4.16"]
[White "Rosca, Dragos-Ioan"]
[Black "Mikkelsen, Anders Askjaer"]
[Result "0-1"]
[BlackElo "1842"]
[WhiteElo "1660"]
[LiveChessVersion "1.4.8"]

1. e4 {[%clk 1:30:59]} e6 {[%clk 1:30:46]} 2. d4 {[%clk 1:31:23]} d5
{[%clk 1:31:11]} 3. exd5 {[%clk 1:31:47]} exd5 {[%clk 1:31:29]} 4. Bd3
{[%clk 1:32:12]} Nf6 {[%clk 1:31:40]} 5. h3 {[%clk 1:32:37]} c5 {[%clk 1:31:46]}
6. c3 {[%clk 1:32:55]} Nc6 {[%clk 1:31:37]} 7. Nf3 {[%clk 1:32:44]} Bd6
{[%clk 1:31:25]} 8. O-O {[%clk 1:33:05]} h6 {[%clk 1:29:51]} 9. Re1+
{[%clk 1:33:06]} Be6 {[%clk 1:30:13]} 10. Bf5 {[%clk 1:20:29]} O-O
{[%clk 1:17:19]} 11. Bxe6 {[%clk 1:20:33]} fxe6 {[%clk 1:16:57]} 12. Rxe6 Qd7
{[%clk 1:16:38]} 13. Re2 {[%clk 1:20:22]} Ne4 {[%clk 1:15:15]} 14. dxc5
{[%clk 1:20:25]} Nxc5 {[%clk 1:12:51]} 15. Qxd5+ {[%clk 1:20:45]} Kh8
{[%clk 1:13:09]} 16. Kh1 {[%clk 1:16:57]} Ne7 {[%clk 1:11:43]} 17. Qd1
{[%clk 1:13:27]} Rxf3 {[%clk 1:11:20]} 18. Rxe7 {[%clk 1:06:22]} Rxh3+
{[%clk 1:09:42]} 19. gxh3 {[%clk 1:06:15]} Qxh3+ {[%clk 1:10:01]} 20. Kg1
{[%clk 1:06:29]} Bh2+ {[%clk 1:10:19]} 0-1